00322nam a2200109Ia 450000500170000000800410001710000310005824500680008926000310015730000110018865000130019920260326235444.0260326s9999||||xx |||||||||||||| ||und|| aMuseo Nacional de Colombia 0aRembrant en Colombia :b Grabados /cMuseo Nacional de Colombia bMuseo Nacional de Colombia a175 p. aPINTORES